| 000 | 00788nam a2200253 a 4500 | ||
|---|---|---|---|
| 005 | 20191224041822.0 | ||
| 008 | 160411b xxu||||| |||| 00| 0 spa d | ||
| 040 |
_aCO-BoIAVH _cCO-BoIAVH |
||
| 041 | _aspa | ||
| 044 | _ack | ||
| 090 |
_aLB _b05163 |
||
| 100 | 1 | _aVargas Pérez, Antonio | |
| 245 | _aCaracterización limnológica de ambientes acuáticos en el Caqueta Medio (Amazonia colombiana) | ||
| 260 |
_aBogotá _bUniversidad de Bogotá Jorge Tadeo Lozano _c1996 |
||
| 300 | _a95 paginas | ||
| 650 | 1 | 6 | _aLimnología |
| 650 | 1 | 6 | _aZooplancton |
| 650 | 1 | 6 | _aFitoplancton |
| 650 | 1 | 6 | _aBiomasa |
| 650 | 1 | 6 | _aClorofila |
| 700 | _aDíaz Sarmiento, Jaime Alberto | ||
| 700 | _aPinilla, Gabriel | ||
| 942 |
_cINFORME _2z |
||
| 999 |
_c5976 _d5976 |
||